000 03566nam a22003613i 4500
001 EBC32256143
003 MiAaPQ
005 20251205133730.0
007 cr cnu||||||||
008 251205s2025 xx o ||||0 eng d
020 _a9780198957416
_q(electronic bk.)
040 _aMiAaPQ
_beng
_cMiAaPQ
100 1 _aMaritz, Regine.
_967886
245 1 0 _aGendered Practices of Rulership at the Court of Württemberg, 1568-1634.
250 _a1st ed.
264 1 _aOxford :
_bOxford University Press, Incorporated,
_c2025.
264 4 _c{copy}2025.
300 _a1 online resource (260 pages)
336 _aText
_btxt
_2rdacontent
337 _aComputermedien
_bc
_2rdamedia
338 _aOnline Resource
_bcr
_2rdacarrier
490 1 _aStudies in German History Series
500 _aE-Book-ProQuest / Fernzugriff nach Registrierung möglich
505 0 _aCover -- Gendered Practices of Rulership at the Court of Württemberg, 1568-1634 -- Copyright -- Contents -- Acknowledgements -- Introduction: Ruling Men and Women -- Gender and the History of Early Modern Courtly Politics -- Gendered Practices of Rulership -- The Duchy of Württemberg -- 1: Space: Everyday Rulership -- Integrating the Heir at Court -- The Frauenzimmer -- Growing Up at Court -- A Young Lord in the Frauenzimmer -- One or Many Households: Spatial Practices of Power -- Gendered Topographies -- The Haus- and Landesvater: Order and Belonging -- Ducal Jurisdiction -- Conclusion -- 2: Representation: Rulership and Ceremony -- Gendered Modes of Princely Representation in Funeral Sermons -- Court Festivals and the Female Gaze -- Festival Narratives and Gendered Societal Orders -- Manly Games and Queen America at the Carnival of Stuttgart -- Marriage, Continuity, and Ancient German Heroes -- 'They Say that England is a Paradise for Women' -- 'Shining Women' -- Routines of Chivalry -- Conclusion -- 3: Marriage: Sharing Rulership -- Marriage and Dynastic Power -- Marital Breakdowns in the House of Württemberg -- The Marriage of Duke Friedrich I and Duchess Sibylla -- The Mömpelgard Years and Early Successes -- Negotiating Rulership -- Emotion Work in Marriage -- Conclusion -- 4: Concubinage: Reframing Rulership -- Magdalena Möringer: A Female Favourite (?) -- Matthäus Enzlin: A Male Favourite in Württemberg -- Concubinage as a Gendered Practice of Rulership -- A Favourite's Competencies -- Frauenzimmer Politics -- The Aftermath: Magdalena Möringer and Matthäus Enzlin -- Conclusion -- 5: Kinship: Rulership in Transition -- To Marry or Not to Marry -- Guardians -- Widows and Advisors -- The Widow of Nürtingen -- Conclusion -- Conclusion: Württemberg and the Dynastic World -- Bibliography -- Manuscript Sources.
505 8 _aPrinted and Edited Primary Sources -- Secondary Literature -- Unpublished Dissertations -- Websites -- Index.
520 _aThis is a book concerned with the longevity of dynastic rulership. It explores the history of a ducal ruling family in the German-speaking part of the Holy Roman Empire over three generations from the late sixteenth to the first half of the seventeenth century.
655 _aFernzugriff
_9230
655 4 _aElectronic books.
776 0 8 _iPrint version:
_aMaritz, Regine
_tGendered Practices of Rulership at the Court of Württemberg, 1568-1634
_dOxford : Oxford University Press, Incorporated,c2025
830 0 _aStudies in German History Series
_963316
856 4 0 _uhttps://ebookcentral.proquest.com/lib/maxweberstiftung-ebooks/detail.action?docID=32256143
_zVolltext
942 _cEB
999 _c73353
_d73353